000 00417nam a2200181Ia 4500
001 17459
005 20260306171519.0
008 260306s9999||||xx |||||||||||||| ||und||
041 _aESP
082 _a658
_bG23
100 _aGómez Ceja, Guillermo
_eAUT
245 0 _aPlaneación y organización de empresas
260 _c1996
300 _a
_c
650 _aGEN
654 _aCAN
942 _cLIB
_dJUS
_fJUS
_2ddc
_n
999 _c17459
_d17459